| 000 | 00435cam a2200169ua 4500 | ||
|---|---|---|---|
| 041 |
_aeng _h |
||
| 082 |
_a828.09 _bGRI/CR |
||
| 100 | _aGrierson, Herbert J.C. | ||
| 245 |
_aCritical history of english poetry / _cJ.C Herber Grierson. _hTextual Documents |
||
| 260 |
_aLondon : _bChatto and winds , _c1962. |
||
| 300 | _a539 ; . | ||
| 504 | _a | ||
| 942 | _cBK | ||
| 999 |
_c2698 _d2698 |
||